000 00715nam a22001577a 4500
003 OSt
005 20151204151028.0
008 151204b xxu||||| |||| 00| 0 eng d
040 _cRUA
082 _aFIS KHE 2013 B185 Or.1
100 _94298
_aKHE, SRUY
245 _aWater quality changes and lettuch growth in aquaponics system with rice hulls as media bed, បម្រែបម្រូលគុណភាពទឹក និងការលូតលាស់របស់សាលាដ៏ក្នុងប្រព័ន្ធ aquaponics ដោយប្រើប្រាស់អង្កាមជាចម្រោះ
260 _aPhnom Penh
_bRUA
_c2013
300 _axii, 71p.
_bill.
_c29cm.
942 _2ddc
_cFIS
999 _c4012
_d4012